<?xml version="1.0" encoding="UTF-8"?>
<record
    xmlns:xsi="http://www.w3.org/2001/XMLSchema-instance"
    xsi:schemaLocation="http://www.loc.gov/MARC21/slim http://www.loc.gov/standards/marcxml/schema/MARC21slim.xsd"
    xmlns="http://www.loc.gov/MARC21/slim">

  <leader>01302nam a22002537a 4500</leader>
  <controlfield tag="005">20180405120253.0</controlfield>
  <datafield tag="010" ind1=" " ind2=" ">
    <subfield code="a">HIN-103889  B-690154-155 &#x92C;&#x932;&#x93F;&#x926;&#x93E;&#x928;&#x940;</subfield>
  </datafield>
  <datafield tag="020" ind1=" " ind2=" ">
    <subfield code="a">9788189573621</subfield>
    <subfield code="c">175.00</subfield>
  </datafield>
  <datafield tag="020" ind1=" " ind2=" ">
    <subfield code="c">300.00</subfield>
  </datafield>
  <datafield tag="035" ind1=" " ind2=" ">
    <subfield code="a">HN-76235</subfield>
  </datafield>
  <datafield tag="035" ind1=" " ind2=" ">
    <subfield code="a">B-690154-155</subfield>
  </datafield>
  <datafield tag="037" ind1=" " ind2=" ">
    <subfield code="b">DBAD / PUB</subfield>
  </datafield>
  <datafield tag="037" ind1=" " ind2=" ">
    <subfield code="b">&#x92A;&#x94D;&#x930;&#x924;&#x93E;&#x92A;</subfield>
  </datafield>
  <datafield tag="082" ind1=" " ind2=" ">
    <subfield code="a">921</subfield>
  </datafield>
  <datafield tag="100" ind1=" " ind2=" ">
    <subfield code="a">&#x915;&#x92A;&#x942;&#x930;, &#x938;&#x941;&#x936;&#x940;&#x932;</subfield>
  </datafield>
  <datafield tag="245" ind1=" " ind2=" ">
    <subfield code="a">&#x92D;&#x93E;&#x930;&#x924; &#x915;&#x947; &#x935;&#x940;&#x930; &#x92F;&#x94B;&#x926;&#x94D;&#x927;&#x93E;&#x903;&#x92E;&#x939;&#x93E;&#x930;&#x93E;&#x923;&#x93E; &#x92A;&#x94D;&#x930;&#x924;&#x93E;&#x92A; /</subfield>
    <subfield code="c">&#x938;&#x941;&#x936;&#x940;&#x932; &#x915;&#x92A;&#x942;&#x930;</subfield>
  </datafield>
  <datafield tag="246" ind1=" " ind2=" ">
    <subfield code="a">Bharat  ka veer Yoddha Maharana Pratap</subfield>
    <subfield code="b">by Sushil Kapoor</subfield>
  </datafield>
  <datafield tag="260" ind1=" " ind2=" ">
    <subfield code="a">&#x926;&#x93F;&#x932;&#x94D;&#x932;&#x940;</subfield>
    <subfield code="b">&#x91A;&#x93F;&#x932;&#x94D;&#x921;&#x94D;&#x928; &#x92C;&#x941;&#x915; &#x91F;&#x947;&#x902;&#x92A;&#x932;</subfield>
    <subfield code="c">2014</subfield>
    <subfield code="c">2017 &#x92C;&#x932;&#x93F;&#x926;&#x93E;&#x928;&#x940;</subfield>
  </datafield>
  <datafield tag="270" ind1=" " ind2=" ">
    <subfield code="a">&#x938;&#x940;-55, &#x917;&#x923;&#x947;&#x936; &#x928;&#x917;&#x930;, &#x92A;&#x93E;&#x902;&#x921;&#x935; &#x928;&#x917;&#x930; &#x915;&#x93E;&#x945;&#x92E;&#x94D;&#x92A;&#x94D;&#x932;&#x948;&#x915;&#x94D;&#x938;</subfield>
    <subfield code="b">&#x926;&#x93F;&#x932;&#x94D;&#x932;&#x940;</subfield>
    <subfield code="e">110092</subfield>
  </datafield>
  <datafield tag="300" ind1=" " ind2=" ">
    <subfield code="a">136&#x92A;&#x943;.</subfield>
    <subfield code="c">22 &#x938;&#x947;&#x92E;&#x940;.(&#x938;&#x91C;&#x93F;&#x932;&#x94D;&#x926;)</subfield>
  </datafield>
  <datafield tag="500" ind1=" " ind2=" ">
    <subfield code="a">&#x92C;&#x932;&#x93F;&#x926;&#x93E;&#x928;&#x940; &#x92A;&#x941;&#x938;&#x94D;&#x924;&#x915;</subfield>
  </datafield>
  <datafield tag="942" ind1=" " ind2=" ">
    <subfield code="2">ddc</subfield>
    <subfield code="c">HN</subfield>
    <subfield code="h">921</subfield>
    <subfield code="m">&#x915;&#x92A;&#x942;&#x930;</subfield>
  </datafield>
  <datafield tag="999" ind1=" " ind2=" ">
    <subfield code="c">89577</subfield>
    <subfield code="d">89577</subfield>
  </datafield>
  <datafield tag="952" ind1=" " ind2=" ">
    <subfield code="0">0</subfield>
    <subfield code="1">0</subfield>
    <subfield code="4">0</subfield>
    <subfield code="7">1</subfield>
    <subfield code="8">NFIC</subfield>
    <subfield code="a">DBAD</subfield>
    <subfield code="b">DBAD</subfield>
    <subfield code="d">2014-10-24</subfield>
    <subfield code="e">DBAD / PUB</subfield>
    <subfield code="g">175.00</subfield>
    <subfield code="l">0</subfield>
    <subfield code="o">921 &#x92E;&#x939;&#x93E;&#x930;&#x93E;</subfield>
    <subfield code="p">HN-76235</subfield>
    <subfield code="r">2014-10-24 00:00:00</subfield>
    <subfield code="t">1</subfield>
    <subfield code="v">175.00</subfield>
    <subfield code="w">2014-10-24</subfield>
    <subfield code="y">HN</subfield>
  </datafield>
  <datafield tag="952" ind1=" " ind2=" ">
    <subfield code="0">0</subfield>
    <subfield code="1">0</subfield>
    <subfield code="4">0</subfield>
    <subfield code="7">0</subfield>
    <subfield code="8">NFIC</subfield>
    <subfield code="a">L</subfield>
    <subfield code="b">L</subfield>
    <subfield code="d">2018-04-05</subfield>
    <subfield code="e">&#x92A;&#x94D;&#x930;&#x92D;&#x93E;&#x924; &#x92A;&#x94D;&#x930;&#x915;&#x93E;&#x936;&#x928; PP/B5305/05.03.18/832/20.02.18/05.03.18</subfield>
    <subfield code="g">300.00</subfield>
    <subfield code="l">0</subfield>
    <subfield code="o">921 &#x915;&#x92A;&#x942;&#x930;</subfield>
    <subfield code="p">B-690154</subfield>
    <subfield code="r">2018-04-05 00:00:00</subfield>
    <subfield code="t">1</subfield>
    <subfield code="v">300.00</subfield>
    <subfield code="w">2018-04-05</subfield>
    <subfield code="y">HN</subfield>
    <subfield code="z">&#x92C;&#x932;&#x93F;&#x926;&#x93E;&#x928;&#x940;</subfield>
  </datafield>
  <datafield tag="952" ind1=" " ind2=" ">
    <subfield code="0">0</subfield>
    <subfield code="1">0</subfield>
    <subfield code="4">0</subfield>
    <subfield code="7">0</subfield>
    <subfield code="8">NFIC</subfield>
    <subfield code="a">ZLS</subfield>
    <subfield code="b">ZLS</subfield>
    <subfield code="d">2018-04-05</subfield>
    <subfield code="e">&#x92A;&#x94D;&#x930;&#x92D;&#x93E;&#x924; &#x92A;&#x94D;&#x930;&#x915;&#x93E;&#x936;&#x928; PP/B5305/05.03.18/832/20.02.18/05.03.18</subfield>
    <subfield code="g">300.00</subfield>
    <subfield code="l">0</subfield>
    <subfield code="o">921 &#x915;&#x92A;&#x942;&#x930;</subfield>
    <subfield code="p">B-690155</subfield>
    <subfield code="r">2018-04-05 00:00:00</subfield>
    <subfield code="t">1</subfield>
    <subfield code="v">300.00</subfield>
    <subfield code="w">2018-04-05</subfield>
    <subfield code="y">HN</subfield>
    <subfield code="z">&#x92C;&#x932;&#x93F;&#x926;&#x93E;&#x928;&#x940;</subfield>
  </datafield>
</record>
